| 000 | 00347nam a22000977a 4500 | ||
|---|---|---|---|
| 008 | 160603b xxu||||| |||| 00| 0 eng d | ||
| 100 | _aSchonweiss, W. | ||
| 245 | _aKatalog der deutschvolkischen Bundesmarken bis 1914 | ||
| 260 |
_aIcking, Germany _bOTA-Verlag _c1983 |
||
| 650 | _aGermany | Cinderella Material | Seals and Labels | Catalogs and Price Lists | ||
| 999 |
_c2033 _d2033 |
||